00973nam a22002657a 45000010005000000030006000050050017000110080041000280200018000690400029000870500015001160820010001311000021001412450057001622600038002193000061002575050008003185200230003265210020005565210020005766500025005966500025006217000031006467000030006778270FISKH20250905155824.0250905b cb ||||| |||| 00| 0 eng d a9780545496568 aFISKHbengcFISKHdFISKH aPZ8.O565 O a813.6 aO'Malley , Kevin aOne upon a cool motorcycle dude /cBy Kevin O'Malley aNew York : bScholastic , c2005. a35 unnumbered pages : bcolor illustrations ; c28 cm .  aM  aCooperatively writing a fairy tale for school, a girl imagines a beautiful princess whose beloved ponies are being stolen by a giant, and a boy conjures up the muscular biker who will guard the last pony in exchange for gold.8 a550 bLexile 8 aM bRaz-Plus  aMotorcyclesvFiction aRead aloud vFiction aHeyer, CaroleIllustrator  aGoto, ScotteIllustrator